000 00463cam a22001097a 4500
008 180718b1976 xxu||||| |||| 00| 0 eng d
082 _aR11068x54 In2ci
245 _aReport on survey of employment in cement industry
_cby Directorate General of Employment & Training, Ministry of Labour
260 _aNew Delhi
_bDirectorate General of Employment & Training
_c1976
300 _a139p
700 _aIndia. Directorate General of Employment & Training, Ministry of Labour
999 _c495678
_d495678